Titres de chansons de Dire Straits - Clic quiz - Statistiques

Statistiques générales
  • Ce quiz a été pris 158 fois
  • Le résultat moyen est 18 sur 25
Statistiques - réponses
Hint Réponse % Correct
... and Juliet Romeo
98%
So ... Away Far
96%
... For Nothing Money
96%
... of Swing Sultans
95%
... In Arms Brothers
92%
Once Upon a Time in the ... West
78%
Your Latest ... Trick
77%
Private ... Investigations
76%
Ticket to ... Heaven
74%
Telegraph ... Road
74%
On Every ... Street
74%
... of Love Tunnel
74%
Down to the ... Waterline
71%
Lady ... Writer
71%
Why ... ? Worry
69%
Expresso ... Love
66%
Calling ... Elvis
64%
Love Over ... Gold
63%
You and Your ... Friend
60%
Solid ... Rock
56%
Heavy ... Fuel
55%
... Belle Portobello
54%
Industrial ... Disease
52%
Angel of ... Mercy
44%
Single Handed ... Sailor
44%
Aucun quiz correspondant
Distribution des résultats
% des personnes avec chaque résultat
Percentile par nombre de réponses
Votre historique - résultats
Vous n’avez pas pris ce quiz